<?xml version="1.0" encoding="UTF-8"?>
<collection xmlns="http://www.loc.gov/MARC21/slim">
 <record>
  <leader>00598pamaa2200193   4500</leader>
  <controlfield tag="001">0000053295</controlfield>
  <controlfield tag="005">20150217090000.0</controlfield>
  <controlfield tag="008">150217s2008                        eng   </controlfield>
  <datafield tag="020" ind1="0" ind2="0">
   <subfield code="a">9780471478461 </subfield>
  </datafield>
  <datafield tag="090" ind1="0" ind2="0">
   <subfield code="a">TK7874 </subfield>
   <subfield code="b">RAZ 2008</subfield>
  </datafield>
  <datafield tag="100" ind1="1" ind2="0">
   <subfield code="a">Razavi </subfield>
  </datafield>
  <datafield tag="245" ind1="1" ind2="0">
   <subfield code="a">Fundamentals of microelectronics  </subfield>
   <subfield code="c">Behzad Razavi.</subfield>
  </datafield>
  <datafield tag="260" ind1="0" ind2="0">
   <subfield code="a">Hoboken, NJ: </subfield>
   <subfield code="b">John Wiley &amp; Sons, </subfield>
   <subfield code="c">2008.</subfield>
  </datafield>
  <datafield tag="300" ind1=" " ind2=" ">
   <subfield code="a">xxiii, 936p.: </subfield>
   <subfield code="b">ill.; </subfield>
   <subfield code="c">27cm.</subfield>
  </datafield>
  <datafield tag="501" ind1="0" ind2="0">
   <subfield code="a">FOSTEM</subfield>
  </datafield>
  <datafield tag="504" ind1="0" ind2="0">
   <subfield code="a">Includes bibliography and index</subfield>
  </datafield>
  <datafield tag="650" ind1="0" ind2="0">
   <subfield code="a">Microelectronics -- </subfield>
   <subfield code="x">Textbooks </subfield>
  </datafield>
  <datafield tag="700" ind1="1" ind2="1">
   <subfield code="a">Razavi, </subfield>
   <subfield code="h">Behzad </subfield>
  </datafield>
  <datafield tag="901" ind1=" " ind2=" ">
   <subfield code="u">http://www.wiley.com/college/razavi</subfield>
  </datafield>
 </record>
</collection>
